000 00977nam0a22002771 4500
001 rc\291135
005 20250621022306.0
010 _a5-12-001214-0
_91670
035 _a(NLR Aleph) 005522404
090 _a5522178
_c5522178
100 _a20030307d1990 |||y0rusy50 ca
101 0 _arus
102 _aRU
105 _ay |||||||||
200 1 _aФилософско-мировоззренческое содержание "Изборников" 1073-1076 годов
_fАН УССР, Ин-т философии
210 _aКиев
_cНаукова думка
_d1990
215 _a149, [2] с.
_d21
320 _aБиблиогр. в примеч.: с. 121-143
605 _aИзборник Святослава 1073 г.
_2psbo
605 _aИзборник 1076 г.
_2psbo
700 1 _aБондарь
_bС.В.
_gСтанислав Васильевич
801 0 _aRU
_bNLR
_gpsbo
801 1 _aRU
_bELAR
_2rusmarc
852 _aNLR
_j90-3/11201
942 _cBOOK
980 _aNB